000 00715nas a2200253 4500
001 BR7311129
003 BR-BrBNA
005 20231205082715.0
007 ta
008 230509b bl.|||p| |||| 00| 00por d
040 _aBR-BrBNA
_bpor
_cBiblioteca Nacional de Agricultura
041 _a(Pt)
072 _aK10
100 1 _aBarros, N.F.
100 1 _aVale, A.B.
100 1 _aBrandi, R.M.
100 1 _aCollom, J.L.
245 1 _aComparacao de metodos de plantio de Pinus spp. [pinheiro]
650 _aPINHEIRO
650 _aPLANTIO
773 0 _tRevista Ceres (Brazil)
_xISSN 0034-737X
_g(Jan-Mar 1973), v. 20(107) p. 22-34
_wBR7311129
909 _a202311
_bLúcia
_c55
_dLúcia Elande
942 _2AGRIS
_n0
_cANA
999 _c93757
_d93757